[Event "Portugal Open 2020"]
[Site "Lisbon"]
[Date "2020.02.01"]
[Round "9.37"]
[White "Silich, Yahor"]
[Black "Twardowski, Hubert"]
[Result "1/2-1/2"]
[WhiteElo "2158"]
[BlackElo "1875"]
[Annotator "NA"]
[PlyCount "108"]
[EventDate "2020.01.25"]
[EventType "swiss"]
[EventCountry "POR"]
[SourceTitle "playchess.com"]
[Source "ChessBase"]
[SourceQuality "1"]
[TimeControl "5400+30"]

1. e4 c6 2. d4 {[%emt 0:00:35]} d5 {[%emt 0:00:30]} 3. Nd2 {[%emt 0:00:04]} dxe4 {[%emt 0:00:11]} 4. Nxe4 {[%emt 0:00:06]} Bf5 {[%emt 0:00:08]} 5. Ng3 {[%emt 0:00:33]} Bg6 {[%emt 0:00:42]} 6. h4 {[%emt 0:00:58]} h6 {[%emt 0:02:32]} 7. Nf3 {[%emt 0:00:10]} Nd7 {[%emt 0:00:07]} 8. h5 {[%emt 0:00:05]} Bh7 {[%emt 0:00:04]} 9. Bd3 {[%emt 0:00:04]} Bxd3 {[%emt 0:00:05]} 10. Qxd3 {[%emt 0:00:03]} e6 11. Bd2 {[%emt 0:03:45]} Qc7 {[%emt 0:00:46]} 12. O-O-O {[%emt 0:00:30]} O-O-O {[%emt 0:02:32]} 13. Kb1 {[%emt 0:02:06]} Ngf6 14. Ne4 Nxe4 {[%emt 0:00:40]} 15. Qxe4 {[%emt 0:02:21]} Nf6 16. Qe2 {[%emt 0:00:04]} Bd6 {[%emt 0:00:40]} 17. c4 {[%emt 0:00:39]} c5 18. Bc3 {[%emt 0:06:36]} Rhe8 {[%emt 0:11:50]} 19. Ne5 {[%emt 0:00:30]} Bxe5 {[%emt 0:29:45]} 20. dxe5 {[%emt 0:00:14]} Nd7 {[%emt 0:00:42]} 21. Qe4 f5 {[%emt 0:15:35]} 22. exf6 {[%emt 0:05:04]} Nxf6 {[%emt 0:01:16]} 23. Qe2 {[%emt 0:00:39]} Rxd1+ {[%emt 0:01:51]} 24. Rxd1 {[%emt 0:00:23]} Qf4 {[%emt 0:02:27]} 25. Qd3 {[%emt 0:12:39]} Qf5 {[%emt 0:15:38]} 26. Bxf6 gxf6 27. g4 {[%emt 0:01:54]} Qxd3+ {[%emt 0:01:07]} 28. Rxd3 {[%emt 0:00:01]} Rg8 {[%emt 0:12:19]} 29. Rf3 {[%emt 0:08:50]} Rxg4 {[%emt 0:00:21]} 30. Rxf6 {[%emt 0:00:07]} Rxc4 31. Rxe6 {[%emt 0:03:47]} Rf4 {[%emt 0:00:46]} 32. Rxh6 {[%emt 0:00:00]} Rxf2 33. Rg6 {[%emt 0:00:00]} Rh2 {[%emt 0:00:22]} 34. h6 {[%emt 0:00:21]} Kc7 {[%emt 0:00:37]} 35. a4 b6 36. Rg7+ {[%emt 0:01:42]} Kc6 {[%emt 0:00:52]} 37. h7 {[%emt 0:00:05]} a6 {[%emt 0:02:18]} 38. Ra7 {[%emt 0:01:05]} a5 {[%emt 0:01:06]} 39. b3 {[%emt 0:02:26]} Kd6 {[%emt 0:00:13]} 40. Rb7 {[%emt 0:00:49]} Kc6 {[%emt 0:00:06]} 41. Rg7 {[%emt 0:00:03]} Kd6 {[%emt 0:00:18]} 42. Kc1 {[%emt 0:00:05]} Kd5 {[%emt 0:01:17]} 43. Kd1 {[%emt 0:01:50]} Kd4 {[%emt 0:00:37]} 44. Rb7 {[%emt 0:00:07]} Kd3 {[%emt 0:00:17]} 45. Ke1 {[%emt 0:00:17]} Kc3 {[%emt 0:00:40]} 46. Rxb6 {[%emt 0:01:13]} Rxh7 {[%emt 0:00:06]} 47. Rb5 {[%emt 0:00:02]} c4 {[%emt 0:00:56]} 48. bxc4 {[%emt 0:00:16]} Kxc4 {[%emt 0:00:09]} 49. Rxa5 {[%emt 0:00:05]} Kb4 {[%emt 0:00:10]} 50. Ra8 {[%emt 0:00:04]} Rh2 {[%emt 0:00:38]} 51. a5 {[%emt 0:00:16]} Kb5 {[%emt 0:00:09]} 52. Kd1 {[%emt 0:01:09]} Rh6 {[%emt 0:00:12]} 53. a6 {[%emt 0:01:02]} Rxa6 {[%emt 0:00:06]} 54. Rxa6 {[%emt 0:00:02]} Kxa6 1/2-1/2

[Event "Portugal Open 2020"]
[Site "Lisbon"]
[Date "2020.02.01"]
[Round "9.38"]
[White "Garcia Dorado, Alberto"]
[Black "Pfeiffer, Noah"]
[Result "1-0"]
[WhiteElo "2152"]
[BlackElo "1825"]
[Annotator "NA"]
[PlyCount "67"]
[EventDate "2020.01.25"]
[EventType "swiss"]
[EventCountry "POR"]
[SourceTitle "playchess.com"]
[Source "ChessBase"]
[SourceQuality "1"]
[TimeControl "5400+30"]

1. Nf3 {[%emt 0:00:00]} g6 {[%emt 0:00:00]} 2. c4 {[%emt 0:00:21]} Bg7 {[%emt 0:00:00]} 3. d4 {[%emt 0:00:39]} Nf6 {[%emt 0:00:00]} 4. g3 {[%emt 0:00:24]} O-O {[%emt 0:00:07]} 5. Bg2 {[%emt 0:00:02]} d6 {[%emt 0:00:07]} 6. Nc3 {[%emt 0:00:20]} Nbd7 {[%emt 0:00:11]} 7. O-O {[%emt 0:00:15]} c6 {[%emt 0:00:05]} 8. h3 {[%emt 0:00:14]} Qc7 {[%emt 0:00:11]} 9. e4 {[%emt 0:00:12]} e5 {[%emt 0:00:11]} 10. Be3 {[%emt 0:00:09]} exd4 {[%emt 0:00:12]} 11. Nxd4 {[%emt 0:00:03]} Re8 {[%emt 0:00:11]} 12. Qc2 {[%emt 0:00:09]} Nc5 {[%emt 0:00:24]} 13. Rfe1 {[%emt 0:01:27]} a5 {[%emt 0:01:37]} 14. Rad1 {[%emt 0:00:23]} Nfd7 {[%emt 0:05:28]} 15. f4 {[%emt 0:02:57]} Nb6 {[%emt 0:03:12]} 16. Ndb5 {[%emt 0:01:15]} cxb5 {[%emt 0:19:20]} 17. Nxb5 {[%emt 0:00:46]} Qe7 {[%emt 0:34:32]} 18. Nxd6 {[%emt 0:01:10]} Nbd7 {[%emt 0:06:41]} 19. Nxe8 {[%emt 0:09:59]} Qxe8 {[%emt 0:00:13]} 20. e5 {[%emt 0:02:41]} Ra6 {[%emt 0:03:38]} 21. Qf2 {[%emt 0:05:22]} Bf8 {[%emt 0:01:28]} 22. Bd5 {[%emt 0:01:21]} Ne6 {[%emt 0:02:27]} 23. g4 {[%emt 0:02:26]} Ng7 {[%emt 0:00:58]} 24. Bd4 {[%emt 0:06:49]} Bb4 {[%emt 0:01:05]} 25. Rf1 {[%emt 0:02:53]} a4 {[%emt 0:02:51]} 26. Rd3 {[%emt 0:04:01]} Ne6 {[%emt 0:01:31]} 27. Be3 {[%emt 0:00:12]} Ndc5 {[%emt 0:01:26]} 28. Rdd1 {[%emt 0:02:13]} Nd7 {[%emt 0:02:01]} 29. a3 {[%emt 0:05:52]} Ba5 {[%emt 0:00:56]} 30. f5 {[%emt 0:04:45]} Nd8 {[%emt 0:01:41]} 31. Bd4 {[%emt 0:06:58]} Nf8 {[%emt 0:05:31]} 32. e6 {[%emt 0:02:21]} fxe6 {[%emt 0:00:43]} 33. fxe6 {[%emt 0:00:08]} Rxe6 {[%emt 0:02:59]} 34. Qf6 {[%emt 0:00:36]} 1-0

[Event "Portugal Open 2020"]
[Site "Lisbon"]
[Date "2020.02.01"]
[Round "9.39"]
[White "Jorge, Rita Maria Osorio"]
[Black "Borges, Guilherme Deola"]
[Result "1-0"]
[WhiteElo "1932"]
[BlackElo "2134"]
[Annotator "NA"]
[PlyCount "76"]
[EventDate "2020.01.25"]
[EventType "swiss"]
[EventCountry "POR"]
[SourceTitle "playchess.com"]
[Source "ChessBase"]
[SourceQuality "1"]
[TimeControl "5400+30"]

1. e4 {[%emt 0:00:00]} c5 {[%emt 0:00:00]} 2. Nf3 {[%emt 0:00:00]} e6 {[%emt 0:00:00]} 3. d3 {[%emt 0:00:00]} Nc6 {[%emt 0:00:15]} 4. g3 {[%emt 0:00:00]} Nge7 {[%emt 0:00:21]} 5. Bg2 {[%emt 0:00:30]} g6 {[%emt 0:00:19]} 6. c3 {[%emt 0:00:55]} Bg7 {[%emt 0:00:33]} 7. h4 {[%emt 0:01:12]} h6 {[%emt 0:00:52]} 8. Be3 {[%emt 0:00:21]} b6 {[%emt 0:02:06]} 9. d4 {[%emt 0:04:54]} cxd4 {[%emt 0:17:21]} 10. Nxd4 {[%emt 0:05:20]} O-O {[%emt 0:05:21]} 11. O-O $11 {[%emt 0:02:03]} Bb7 {[%emt 0:02:44]} 12. Nxc6 {[%emt 0:12:17]} Bxc6 {[%emt 0:13:43]} 13. Qd6 {[%emt 0:11:11]} f5 {[%emt 0:00:13]} 14. Nd2 {[%emt 0:12:48]} fxe4 {[%emt 0:01:35]} 15. Nxe4 {[%emt 0:00:52]} Nf5 {[%emt 0:00:11]} 16. Qd3 {[%emt 0:01:57]} d5 {[%emt 0:02:00]} 17. Nd2 {[%emt 0:01:34]} Qf6 {[%emt 0:09:40]} 18. Nb3 {[%emt 0:09:08]} Rad8 {[%emt 0:08:55]} 19. Nd4 {[%emt 0:02:28]} Bb7 {[%emt 0:00:51]} 20. Nxf5 {[%emt 0:06:13]} gxf5 {[%emt 0:00:24]} 21. f4 {[%emt 0:06:54]} Qg6 {[%emt 0:00:33]} 22. Kh2 {[%emt 0:00:25]} Kh7 {[%emt 0:03:54]} 23. Bd4 {[%emt 0:03:57]} Rg8 {[%emt 0:00:38]} 24. Rf3 {[%emt 0:01:28]} Bf8 {[%emt 0:01:35]} 25. Re3 {[%emt 0:03:19]} Bd6 {[%emt 0:00:31]} 26. Qd2 {[%emt 0:03:00]} Rde8 {[%emt 0:06:16]} 27. Qf2 {[%emt 0:01:32]} Ba6 {[%emt 0:01:26]} 28. Bf1 {[%emt 0:04:08]} Bb7 {[%emt 0:09:47]} 29. a4 {[%emt 0:01:47]} Bc7 {[%emt 0:01:53]} 30. Bb5 {[%emt 0:00:45]} Re7 {[%emt 0:01:40]} 31. Rae1 {[%emt 0:01:15]} Bb8 {[%emt 0:03:33]} 32. Bd3 {[%emt 0:01:38]} Bc6 {[%emt 0:00:39]} 33. Qc2 {[%emt 0:01:29]} Ree8 {[%emt 0:01:16]} 34. b3 {[%emt 0:00:37]} Qg4 {[%emt 0:01:59]} 35. Qf2 {[%emt 0:00:17]} Qg6 {[%emt 0:00:54]} 36. Be5 {[%emt 0:00:58]} Bxe5 {[%emt 0:01:02]} 37. Rxe5 {[%emt 0:00:01]} Rg7 {[%emt 0:02:28]} 38. Rg1 {[%emt 0:00:27]} Qf6 1-0

[Event "Portugal Open 2020"]
[Site "Lisbon"]
[Date "2020.02.01"]
[Round "9.40"]
[White "Quintino, Luis Filipe Pires De"]
[Black "Tuerk, Philipp"]
[Result "1-0"]
[WhiteElo "1839"]
[BlackElo "2106"]
[Annotator "NA"]
[PlyCount "89"]
[EventDate "2020.01.25"]
[EventType "swiss"]
[EventCountry "POR"]
[SourceTitle "playchess.com"]
[Source "ChessBase"]
[SourceQuality "1"]
[TimeControl "5400+30"]

1. d4 {[%emt 0:33:08]} e6 {[%emt 0:00:15]} 2. c4 {[%emt 0:00:22]} c5 {[%emt 0:00:21]} 3. Nf3 {[%emt 0:00:55]} Nf6 {[%emt 0:00:49]} 4. Nc3 {[%emt 0:00:59]} cxd4 {[%emt 0:00:28]} 5. Nxd4 {[%emt 0:00:16]} Bb4 {[%emt 0:06:04]} 6. Bd2 {[%emt 0:00:45]} Nc6 {[%emt 0:01:30]} 7. Nxc6 {[%emt 0:04:55]} dxc6 {[%emt 0:02:00]} 8. a3 {[%emt 0:00:56]} Be7 {[%emt 0:00:44]} 9. e3 {[%emt 0:00:55]} e5 {[%emt 0:03:37]} 10. Qc2 {[%emt 0:00:37]} Bg4 {[%emt 0:06:02]} 11. Be2 {[%emt 0:00:42]} Qd7 {[%emt 0:00:40]} 12. h3 {[%emt 0:08:57]} Bf5 {[%emt 0:00:11]} 13. e4 {[%emt 0:00:14]} Bg6 {[%emt 0:01:23]} 14. Be3 {[%emt 0:00:07]} O-O {[%emt 0:00:46]} 15. Rd1 $11 {[%emt 0:00:25]} Qe6 {[%emt 0:04:44]} 16. O-O {[%emt 0:02:52]} a5 {[%emt 0:03:33]} 17. f3 {[%emt 0:06:36]} Nh5 {[%emt 0:04:09]} 18. Na4 {[%emt 0:02:58]} Nf4 {[%emt 0:02:12]} 19. Kh2 {[%emt 0:00:49]} Bh4 {[%emt 0:02:18]} 20. Bxf4 {[%emt 0:06:39]} exf4 21. Nc5 {[%emt 0:02:10]} Qe7 {[%emt 0:01:39]} 22. Nd7 {[%emt 0:01:25]} Rfd8 {[%emt 0:01:50]} 23. Nb6 {[%emt 0:00:08]} Rab8 {[%emt 0:02:26]} 24. Rxd8+ {[%emt 0:02:18]} Rxd8 {[%emt 0:00:06]} 25. c5 {[%emt 0:05:05]} Rd4 {[%emt 0:04:17]} 26. Rd1 {[%emt 0:01:39]} Bf2 {[%emt 0:01:35]} 27. Rxd4 {[%emt 0:00:43]} Bxd4 {[%emt 0:00:06]} 28. b4 {[%emt 0:00:32]} Qh4 {[%emt 0:00:46]} 29. Qd1 {[%emt 0:01:05]} Qf2 {[%emt 0:00:48]} 30. Bc4 {[%emt 0:00:38]} h5 {[%emt 0:01:07]} 31. Qf1 {[%emt 0:02:04]} Qb2 {[%emt 0:02:19]} 32. Qd1 {[%emt 0:01:12]} Kh7 {[%emt 0:02:35]} 33. Nd7 {[%emt 0:02:20]} Kg8 {[%emt 0:02:37]} 34. Nb6 {[%emt 0:00:07]} Qc3 {[%emt 0:00:32]} 35. Bf1 {[%emt 0:02:24]} axb4 {[%emt 0:00:20]} 36. axb4 {[%emt 0:00:19]} Qxb4 {[%emt 0:00:07]} 37. Qa4 {[%emt 0:05:39]} Bxc5 {[%emt 0:02:28]} 38. Qa8+ {[%emt 0:00:35]} Kh7 {[%emt 0:00:12]} 39. Nd7 {[%emt 0:00:08]} Bd6 {[%emt 0:01:40]} 40. e5 {[%emt 0:01:20]} Be7 {[%emt 0:00:08]} 41. Qe8 {[%emt 0:00:39]} Bf5 {[%emt 0:01:45]} 42. Qxf7 {[%emt 0:00:30]} Bg6 {[%emt 0:01:03]} 43. Bd3 {[%emt 0:00:23]} Bxd3 {[%emt 0:00:17]} 44. Nf6+ {[%emt 0:00:55]} Bxf6 {[%emt 0:00:34]} 45. exf6 {[%emt 0:00:03]} 1-0

[Event "Portugal Open 2020"]
[Site "Lisbon"]
[Date "2020.02.01"]
[Round "9.41"]
[White "Fernandes, Ricardo Paulos"]
[Black "Fanha, Paulo"]
[Result "1-0"]
[WhiteElo "2100"]
[BlackElo "1766"]
[Annotator "NA"]
[PlyCount "83"]
[EventDate "2020.01.25"]
[EventType "swiss"]
[EventCountry "POR"]
[SourceTitle "playchess.com"]
[Source "ChessBase"]
[SourceQuality "1"]
[TimeControl "5400+30"]

1. Nf3 {[%emt 0:08:51]} d5 {[%emt 0:00:00]} 2. g3 {[%emt 0:00:05]} e6 {[%emt 0:00:00]} 3. Bg2 {[%emt 0:00:04]} f5 {[%emt 0:00:00]} 4. d3 {[%emt 0:00:15]} c6 {[%emt 0:00:00]} 5. O-O {[%emt 0:00:27]} Nf6 {[%emt 0:00:02]} 6. Nbd2 {[%emt 0:01:28]} Bd6 {[%emt 0:00:38]} 7. Re1 {[%emt 0:06:37]} O-O {[%emt 0:00:56]} 8. c4 {[%emt 0:04:12]} e5 {[%emt 0:05:56]} 9. e4 {[%emt 0:07:02]} fxe4 {[%emt 0:00:43]} 10. dxe4 {[%emt 0:00:09]} d4 {[%emt 0:01:00]} 11. Rf1 {[%emt 0:10:08]} Qe8 {[%emt 0:05:49]} 12. Ne1 {[%emt 0:01:35]} c5 {[%emt 0:00:58]} 13. Nd3 {[%emt 0:00:07]} Nc6 {[%emt 0:00:22]} 14. a3 {[%emt 0:00:17]} Bg4 {[%emt 0:02:07]} 15. f3 {[%emt 0:02:06]} Be6 {[%emt 0:00:23]} 16. b3 {[%emt 0:14:57]} Qd7 $11 {[%emt 0:02:20]} (16... Qh5 $17) 17. f4 {[%emt 0:01:47]} Bh3 {[%emt 0:00:59]} 18. f5 {[%emt 0:00:29]} Bxg2 {[%emt 0:00:13]} 19. Kxg2 {[%emt 0:00:04]} b6 {[%emt 0:03:22]} 20. Qe2 {[%emt 0:02:21]} Kf7 {[%emt 0:03:57]} 21. g4 {[%emt 0:05:10]} h6 {[%emt 0:00:32]} 22. Nf3 {[%emt 0:06:55]} Nxg4 {[%emt 0:03:56]} 23. Ng5+ {[%emt 0:00:03]} hxg5 {[%emt 0:00:25]} 24. Qxg4 {[%emt 0:00:02]} Be7 {[%emt 0:02:49]} 25. Qh5+ {[%emt 0:01:12]} Kg8 {[%emt 0:00:13]} 26. Rf3 {[%emt 0:01:58]} Qe8 {[%emt 0:00:22]} 27. Qg4 {[%emt 0:01:31]} a5 {[%emt 0:02:19]} 28. Rg3 {[%emt 0:05:35]} Qf7 {[%emt 0:08:22]} 29. a4 {[%emt 0:09:25]} Rad8 {[%emt 0:07:17]} 30. Bxg5 {[%emt 0:02:37]} Bxg5 {[%emt 0:01:08]} 31. Qxg5 {[%emt 0:00:25]} Rd6 {[%emt 0:01:33]} 32. Rg1 {[%emt 0:00:24]} Qf6 {[%emt 0:01:34]} 33. Kf3 {[%emt 0:03:31]} Qxg5 {[%emt 0:01:12]} 34. Rxg5 {[%emt 0:00:05]} Rf7 {[%emt 0:00:30]} 35. h4 {[%emt 0:00:36]} Kf8 {[%emt 0:00:21]} 36. h5 {[%emt 0:00:09]} Rh6 {[%emt 0:02:58]} 37. Kg4 {[%emt 0:03:54]} Rd6 {[%emt 0:01:30]} 38. Kh4 {[%emt 0:00:11]} Rdf6 {[%emt 0:01:31]} 39. Rg6 {[%emt 0:01:04]} Re7 {[%emt 0:15:55]} 40. h6 {[%emt 0:00:29]} Rxg6 {[%emt 0:01:28]} 41. Rxg6 {[%emt 0:00:05]} gxh6 {[%emt 0:01:07]} 42. Rxc6 {[%emt 0:00:05]} 1-0

[Event "Portugal Open 2020"]
[Site "Lisbon"]
[Date "2020.02.01"]
[Round "9.42"]
[White "Sakthivel Heamish Kanha"]
[Black "Fernandes, Joao Pedro Murtinho"]
[Result "1/2-1/2"]
[WhiteElo "1584"]
[BlackElo "2099"]
[Annotator "NA"]
[PlyCount "56"]
[EventDate "2020.01.25"]
[EventType "swiss"]
[EventCountry "POR"]
[SourceTitle "playchess.com"]
[Source "ChessBase"]
[SourceQuality "1"]
[TimeControl "5400+30"]

1. e4 {[%emt 0:00:00]} c5 {[%emt 0:00:00]} 2. Nf3 {[%emt 0:00:00]} Nc6 {[%emt 0:00:06]} 3. d4 {[%emt 0:00:58]} cxd4 {[%emt 0:00:15]} 4. Nxd4 {[%emt 0:01:03]} Qb6 {[%emt 0:00:20]} 5. Nxc6 {[%emt 0:04:17]} bxc6 {[%emt 0:00:23]} 6. Bd3 {[%emt 0:01:06]} Nf6 {[%emt 0:02:59]} 7. O-O {[%emt 0:01:46]} e5 {[%emt 0:01:17]} 8. c4 {[%emt 0:03:43]} Be7 {[%emt 0:03:50]} 9. Nc3 {[%emt 0:02:00]} d6 {[%emt 0:01:52]} 10. h3 {[%emt 0:02:11]} O-O {[%emt 0:00:37]} 11. Qe2 {[%emt 0:01:30]} Be6 {[%emt 0:05:00]} 12. Be3 {[%emt 0:03:43]} Qb7 {[%emt 0:02:21]} 13. Rad1 {[%emt 0:08:51]} Rad8 {[%emt 0:02:20]} 14. f4 $11 {[%emt 0:09:15]} exf4 {[%emt 0:03:47]} 15. Bxf4 {[%emt 0:00:54]} Nd7 {[%emt 0:05:55]} 16. b3 {[%emt 0:01:57]} Ne5 {[%emt 0:09:00]} 17. Bc2 {[%emt 0:01:00]} Rfe8 {[%emt 0:09:28]} 18. Qf2 {[%emt 0:05:10]} Ng6 {[%emt 0:06:24]} 19. Bg3 {[%emt 0:02:28]} h5 {[%emt 0:11:57]} 20. Kh1 {[%emt 0:01:58]} h4 {[%emt 0:00:57]} 21. Bh2 {[%emt 0:00:16]} Bf6 {[%emt 0:04:31]} 22. Ne2 {[%emt 0:00:34]} Be5 {[%emt 0:04:02]} 23. Nf4 {[%emt 0:00:52]} Nxf4 {[%emt 0:00:46]} 24. Bxf4 {[%emt 0:00:08]} Qe7 {[%emt 0:01:01]} 25. Qe3 {[%emt 0:02:01]} Bf6 {[%emt 0:06:21]} 26. Qd3 {[%emt 0:01:00]} Be5 {[%emt 0:00:36]} 27. Qe3 {[%emt 0:00:19]} Bf6 {[%emt 0:01:00]} 28. Qd3 {[%emt 0:00:06]} Be5 {[%emt 0:00:05]} 1/2-1/2